LEADER 04341nam2 22006493i 450 001 CAGE017887 005 20170908093314.0 012 $aiaex m&i- ntnt fuip (3) 1660 (R)$2fei 100 $a20050225d1660 ||||0itac50 ba 101 | $alat 102 $afr 181 1$6z01$ai $bxxxe 182 1$6z01$an 200 1 $a˜1.2: Sancti Thomae Aquinatis ... œPraeclarissima commentaria, in eos qui, parua naturalia Aristotelis dicuntur libros, diligentissime castigata ... recognita, & noua Nicolai Leonici apposita. Petri item de Aluernia ... expurgata; libelli etiam duo sancti Thomae ... excerpti; vnus de Motu cordis; alter vero de lumine ... Operum tomi primi. Pars secunda 210 $aParisiis$capud Societatem Bibliopolarum, via Iacobaea$d1660 215 $a 8 , 187, 9] p.$dfol 300 $aFregio sul front 300 $aSegn.: a4 A-P6 Q-R4. 316 $av. 1.2. - Timbro RB sull'occh. e sul front. - Rilegato con il v. 1.1$5IT-NA0079, SALA FARN.08. F 0001 461 1$1001CAGE017885$12001 $a˜Sancti Thomae Aquinatis ... œOpera omnia. Ad fidem vetutissimorum sic! codicum m.ss. et editorum emendata, aucta & cum exemplaribus Romano, Veneto, & Antuerpiensi accurate collata ... Partim a reu. patre Ioanne Nicolai ... partim ab alijspatribus ... emendata ... vt patet in Indicibus post Praefationem appositis. Omnia 23. volum. comprehensa$v1.2 620 $dParigi$3TO0L002626 700 0$aTommaso : d'Aquino$c $3CFIV008124$4070$0290144 702 1$aLeonico Tomeo$b, Nicolò$f <1456-1531>$3BVEV018225 702 0$aAristoteles$3CFIV009389 702 0$aPierre : d'Auvergne$3SBLV247058 712 02$aSocietas Bibliopolarum$c $3RAVV104056$4650 790 1$aLeonico$b, Nicolò$f <1456-1531>$3PUVV302930$zLeonico Tomeo, Nicolò <1456-1531> 790 1$aTomeo$b, Nicolò Leonico$f <1456-1531>$3PUVV302931$zLeonico Tomeo, Nicolò <1456-1531> 790 1$aLeonicus$b, Nicolaus$3PUVV302932$zLeonico Tomeo, Nicolò <1456-1531> 790 1$aLeonicus Thomaeus$b, Nicolaus$3PUVV302933$zLeonico Tomeo, Nicolò <1456-1531> 790 0$aTommaso d'Aquino$c $3CFIV009247$zTommaso : d'Aquino 790 0$aTommaso$c $3CFIV167024$zTommaso : d'Aquino 790 0$aTomasz z Akwinu$3IEIV108913$zTommaso : d'Aquino 790 0$aThomas : de Aquino$c $3MILV209402$zTommaso : d'Aquino 790 0$aThomas : Aquinas$c $3PUVV203880$zTommaso : d'Aquino 790 0$aAristotele$3CFIV009390$zAristoteles 790 0$aAristote$3CFIV094388$zAristoteles 790 0$aAristotle$3CFIV203868$zAristoteles 790 0$aAristotélīs$3CFIV263964$zAristoteles 790 0$aPeire : d' Auvergne$3BVEV025904$zPierre : d'Auvergne 790 0$aPetrus : de Croco$3BVEV128305$zPierre : d'Auvergne 790 0$aPetrus : Alvernus$3BVEV128306$zPierre : d'Auvergne 790 0$aPetrus : de Cros$3BVEV128307$zPierre : d'Auvergne 790 0$aPedro : de Alvernia$3IEIV085551$zPierre : d'Auvergne 790 0$aPierre : d' Auvergne$3IEIV085552$zPierre : d'Auvergne 790 0$aPeire : d'Alvernha$3MODV104462$zPierre : d'Auvergne 790 0$aPetrus : de Alvernia$3UM1V021618$zPierre : d'Auvergne 791 02$a˜Sub œNavis insigni$3RAVV104058$zSocietas Bibliopolarum 801 3$aIT$bIT-NA0079$c20050225 850 $aIT-NA0079 899 1$aBiblioteca Nazionale Vittorio Emanuele III$bNA0079$eS$uhttp://books.google.com/books?vid=IBNN:BNANT001740751 912 $aCAGE017887 950 2$aBiblioteca Nazionale Vittorio Emanuele III$cv. 1.2.$d BNSALA FARN.08. F 0001$e BNANT0017407515 B (2 v. 1.2. - Timbro RB sull'occh. e sul front. - Rilegato con il v. 1.1$fC $h20050225$i20050225 956 $aBiblioteca Nazionale Vittorio Emanuele III$b1$c$d$eBNANT001740751$uhttp://books.google.com/books?vid=IBNN:BNANT001740751$z BNSALA FARN.08. F 0001 977 $a BN 996 $aPraeclarissima commentaria, in eos qui, parua naturalia Aristotelis dicuntur libros, diligentissime castigata ... recognita, & noua Nicolai Leonici apposita. Petri item de Aluernia ... expurgata; libelli etiam duo sancti Thomae ... excerpti; vnus de Motu cordis; alter vero de lumine ... Operum tomi primi. Pars secunda$91485458 997 $aUNISANNIO LEADER 01873nam 2200613Ia 450 001 9910462097003321 005 20200520144314.0 010 $a1-283-59817-5 010 $a9786613910622 010 $a1-61117-213-6 035 $a(CKB)2670000000246245 035 $a(OCoLC)815481459 035 $a(CaPaEBR)ebrary10602536 035 $a(SSID)ssj0000736291 035 $a(PQKBManifestationID)11418328 035 $a(PQKBTitleCode)TC0000736291 035 $a(PQKBWorkID)10767582 035 $a(PQKB)11452134 035 $a(MiAaPQ)EBC2054780 035 $a(MdBmJHUP)muse29367 035 $a(Au-PeEL)EBL2054780 035 $a(CaPaEBR)ebr10602536 035 $a(CaONFJC)MIL391062 035 $a(OCoLC)910069667 035 $a(EXLCZ)992670000000246245 100 $a20050107d2005 ub 0 101 0 $aeng 135 $aurcn||||||||| 181 $ctxt 182 $cc 183 $acr 200 10$aAliens in the backyard$b[electronic resource] $eplant and animal imports into America /$fJohn Leland 210 $aColumbia, SC $cUniversity of South Carolina Press$dc2005 215 $a1 online resource (248 p.) 300 $aBibliographic Level Mode of Issuance: Monograph 311 $a1-57003-582-2 311 $a1-57003-958-5 320 $aIncludes bibliographical references (p. [201]-228) and index. 606 $aBiological invasions$zUnited States 606 $aAlien plants$zUnited States 606 $aIntroduced animals$zUnited States 608 $aElectronic books. 615 0$aBiological invasions 615 0$aAlien plants 615 0$aIntroduced animals 676 $a578.6/2 700 $aLeland$b John$f1950-$01030126 801 0$bMiAaPQ 801 1$bMiAaPQ 801 2$bMiAaPQ 906 $aBOOK 912 $a9910462097003321 996 $aAliens in the backyard$92446908 997 $aUNINA